000 00847nac a22002657a 4500
001 BR6700345
003 BR-BrBNA
005 20240105113321.0
008 230509b bl.|||m| |||| 00| 0 por d
040 _aBR-BrBNA
_bpor
_cBiblioteca Nacional de Agricultura
072 _aA50; F00; L00
090 _aA50 BR6700345
110 1 _aInstituto de Pesquisas Agronomicas, Recife, PE (Brasil)
_96142
245 1 _aRelatorio anual 1966 [Instituto de Pesquisas Agronomicas, Pernambuco, Brasil]
260 3 _aRecife, PE (Brasil):
_c1967.
300 _a278 p.
490 _aRelatorio - Instituto de Pesquisas Agronomicas (Brazil)
_v
_x
650 _aPESQUISA AGRICOLA
650 _aPESQUISA PECUARIA
650 _aDESPESA
650 _aRECEITA
650 _aPERNAMBUCO
909 _a202312
_bLúcia Elande
_c55
_dLúcia Elande
942 _2AGRIS
_n0
_cMS
999 _c263060
_d263060